Anekant-vibhuti (Record no. 1401461)

MARC details
000 -LEADER
fixed length control field 00663nam a2200289Ia 4500
008 - FIXED-LENGTH DATA ELEMENTS--GENERAL INFORMATION
fixed length control field 161027s9999||||xx |||||||||||||| ||und||
040 ## - CATALOGING SOURCE
Transcribing agency gujrathi-sanskrit
082 ## - DEWEY DECIMAL CLASSIFICATION NUMBER
Classification number X.B
082 ## - DEWEY DECIMAL CLASSIFICATION NUMBER
Item number BORI-37589
100 ## - MAIN ENTRY--PERSONAL NAME
Personal name shree nyayvijay
245 ## - TITLE STATEMENT
Title Anekant-vibhuti
260 ## - PUBLICATION, DISTRIBUTION, ETC. (IMPRINT)
Place of publication, distribution, etc gujarat
260 ## - PUBLICATION, DISTRIBUTION, ETC. (IMPRINT)
Name of publisher, distributor, etc shree jain yuvaksangh
260 ## - PUBLICATION, DISTRIBUTION, ETC. (IMPRINT)
Date of publication, distribution, etc 1987
300 ## - PHYSICAL DESCRIPTION
Extent 29
300 ## - PHYSICAL DESCRIPTION
Dimensions A
300 ## - PHYSICAL DESCRIPTION
Accompanying material Paperback
530 ## - ADDITIONAL PHYSICAL FORM AVAILABLE NOTE
Uniform Resource Identifier <a href="000037408.pdf">000037408.pdf</a>
563 ## - BINDING INFORMATION
Binding note text
600 ## - SUBJECT ADDED ENTRY--PERSONAL NAME
Personal name shree nyayvijay
630 ## - SUBJECT ADDED ENTRY--UNIFORM TITLE
Uniform title Anekant-vibhuti
650 ## - SUBJECT ADDED ENTRY--TOPICAL TERM
Topical term or geographic name as entry element Buddhism and Jainsm
650 ## - SUBJECT ADDED ENTRY--TOPICAL TERM
Topical term or geographic name as entry element jainism
700 ## - ADDED ENTRY--PERSONAL NAME
Personal name shree nyayvijay
730 ## - ADDED ENTRY--UNIFORM TITLE
Uniform title Anekant-vibhuti
942 ## - ADDED ENTRY ELEMENTS (KOHA)
Koha item type Book
Holdings
Withdrawn status Lost status Damaged status Not for loan Home library Current library Date acquired Total Checkouts Full call number Barcode Date last seen Price effective from Koha item type
        Bhandarkar Oriental Research Institute, Pune Bhandarkar Oriental Research Institute, Pune     BORI-37589 BORI-37589 10/27/2016 10/27/2016 Book